Statistics for Avatar: The Last Airbender (Episode Names Quiz)

Click here to take the quiz!

General Stats

  • This quiz has been taken 2,796 times
  • The average score is 35 of 61

Answer Stats

HintAnswer% Correct
Water Chapter 1The Boy in the Iceberg
87%
Earth Chapter 15The Tales of Ba Sing Se
78%
Earth Chapter 6The Blind Bandit
76%
Water Chapter 3The Southern Air Temple
75%
Fire Chapter 21Sozin's Comet, Part 4: Avatar Aang
71%
Earth Chapter 7Zuko Alone
70%
Earth Chapter 10The Library
68%
Fire Chapter 17The Ember Island Players
67%
Fire Chapter 18Sozin's Comet, Part 1: The Phoenix King
66%
Water Chapter 11The Great Divide
66%
Earth Chapter 16Appa's Lost Days
65%
Fire Chapter 19Sozin's Comet, Part 2: The Old Masters
65%
Earth Chapter 11The Desert
65%
Water Chapter 17The Northern Air Temple
65%
Fire Chapter 12The Western Air Temple
64%
Fire Chapter 20Sozin's Comet, Part 3: Into the Inferno
63%
Earth Chapter 1The Avatar State
63%
Fire Chapter 3The Painted Lady
63%
Earth Chapter 4The Swamp
63%
Water Chapter 10Jet
62%
Fire Chapter 14The Boiling Rock, Part 1
60%
Fire Chapter 10The Day of Black Sun, Part 1: The Invasion
60%
Fire Chapter 11The Day of Black Sun, Part 2: The Eclipse
60%
Earth Chapter 13The Drill
60%
Fire Chapter 5The Beach
59%
Fire Chapter 15The Boiling Rock, Part 2
59%
Fire Chapter 16The Southern Raiders
59%
Earth Chapter 18The Earth King
58%
Earth Chapter 12The Serpent's Pass
58%
Earth Chapter 17Lake Laogai
57%
Earth Chapter 5Avatar Day
56%
Water Chapter 9The Waterbending Scroll
56%
Water Chapter 13The Blue Spirit
55%
Water Chapter 7The Spirit World (Winter Solstice, Part 1)
55%
Water Chapter 8Avatar Roku (Winter Solstice, Part 2)
54%
Fire Chapter 4Sokka's Master
54%
Earth Chapter 20The Crossroads of Destiny
54%
Fire Chapter 2The Headband
54%
Earth Chapter 2The Cave of Two Lovers
53%
Earth Chapter 3Return to Omashu
52%
Water Chapter 2The Avatar Returns
52%
Earth Chapter 8The Chase
52%
Earth Chapter 19The Guru
52%
Water Chapter 12The Storm
52%
Fire Chapter 1The Awakening
51%
Water Chapter 5The King of Omashu
51%
Water Chapter 19The Siege of the North, Part 1
51%
Water Chapter 20The Siege of the North, Part 2
51%
Fire Chapter 8The Puppetmaster
50%
Fire Chapter 9Nightmares and Daydreams
49%
Fire Chapter 13The Firebending Masters
49%
Water Chapter 4The Warriors of Kyoshi
49%
Water Chapter 18The Waterbending Master
49%
Fire Chapter 6The Avatar and the Firelord
47%
Fire Chapter 7The Runaway
47%
Water Chapter 15Bato of the Water Tribe
45%
Earth Chapter 14City of Walls and Secrets
45%
Water Chapter 16The Deserter
45%
Water Chapter 14The Fortuneteller
45%
Earth Chapter 9Bitter Work
43%
Water Chapter 6Imprisoned
41%

Score Distribution

Percentile by Number Answered

Percent of People with Each Score

Your Score History

You have not taken this quiz